1860 Munich Best Scorer By Year - Statistics

General Stats
  • This quiz has been taken 88 times
  • The average score is 4 of 15
Answer Stats
Player % Correct
Martin Max
91%
Benjamin Lauth
64%
Bernhard Winkler
44%
Paul Agostino
38%
Rudolf Brunnenmeier
38%
Olaf Bodden
31%
Markus Schroth
29%
Timo Konietzka
27%
Bernd Hobsch
18%
Klaus Fischer
18%
Wilfried Kohlars
13%
Hans Küppers
11%
Viorel Năstase
9%
Erhard Hofeditz
7%
Horst Wohlers
7%
No matching quizzes found
Score Distribution
Percent of People with Each Score
Percentile by Number Answered
Your Score History
You have not taken this quiz